000 01740nam a2200313 a 4500
001 000005554
005 20200929151718.0
008 090820t1984 sp ad 001 0 spa d
020 _a8400057090
040 _aDO-SdBNP
082 _a972.2046
_bM385h
100 1 _aMartínez Millán, José
_915685
245 1 3 _aLa hacienda de la inquisición :
_b(1478-1700) /
_cJosé Martínez Millán ; prólogo J. Pérez Villanueva.
260 _aMadrid, :
_bConsejo Superior de Investigaciones Científicas,
_c1984.
300 _a404 p. :
_bil., tablas.
490 1 _aMonografías de Historia Eclesiástica
_v14
504 _aIncluye bibliografía y notas al pie de páginas.
504 _aBibliografía : p.385-398.
505 0 _gPrólogo /
_rJoaquín Pérez Villanueva --
_tIntroducción --
_tLa evolución de la institución inquisitorial (1478-1700) --
_gLas fuentes de ingresos inquisitoriales :
_tLas confiscaciones --
_tJuros y censos --
_tLas canonjias --
_tDepositaria de pretendientes --
_tOtros ingresos inquisitoriales --
_tPrivilegios y franquisias de los oficiales inquisitoriales --
_gLos gastos de la burocracia inquisitorial :
_tOficios y salarios --
_tGastos ordinarios y extraordinarios --
_gApéndices --
_gDocumentación --
_gIndices de nombres y materias.
650 4 _aInquisición
_yESPAÑA
_xHistoria
_915686
650 4 _aInquisición
_xAspectos económicos
_yESPAÑA
_915687
650 4 _aPersecuciones religiosas
_yESPAÑA
_915688
650 4 _aIglesia católica
_yESPAÑA
_xHistoria
_915689
651 4 _aEspaña
_xHistoria Eclesiástica
_915690
700 1 _aPérez Villanueva, Joaquín,
_epról.
_915691
830 0 _aMonografías de historia eclesiástica
_v14
_915692
910 _aValidado. Control de calidad EMS.
049 _aBNPD
999 _c5353
_d5353